| 000 | nam a22 7a 4500 | ||
|---|---|---|---|
| 999 |
_c129561 _d129561 |
||
| 008 | 190503b xxu||||| |||| 00| 0 eng d | ||
| 020 | _a1 85575 017 1 | ||
| 050 | _aHV6626.5.J76 | ||
| 100 |
_aJones, Elsa _945495 |
||
| 245 | _aWorking with adult survivors of child sexual abuse | ||
| 260 |
_aLondon: _bKarnac Books, _c1991. |
||
| 300 |
_axvi, 96p. ; _c23cm. |
||
| 440 |
_aSystematic thinking and practice Series _945327 |
||
| 650 |
_aChild abuse _xadult survivors _946252 |
||
| 700 |
_aCampbell, David _eed. _946250 |
||
| 700 |
_aDraper, Ros _eed. _946251 |
||
| 942 |
_2lcc _cMONOGRAPH |
||